书目信息 |
| 题名: |
领导魔法
|
|
| 作者: | 林可行 编著 | |
| 分册: | ||
| 出版信息: | 西安 陕西师范大学出版社 2001.09 |
|
| 页数: | 404页 | |
| 开本: | 23cm | |
| 丛书名: | 完全智慧手册 | |
| 单 册: | ||
| 中图分类: | C933-49 | |
| 科图分类: | ||
| 主题词: | 领导学--通俗读物 | |
| 电子资源: | ||
| ISBN: | 7-5613-2299-2 | |
| 000 | 01023nam 22002650 450 | |
| 001 | 192004003735 | |
| 005 | 20070914105036.48 | |
| 010 | @a7-5613-2299-2@dCNY26.00 | |
| 100 | @a20070602d2001 ekmy0chiy0121 ea | |
| 101 | 0 | @achi |
| 102 | @aCN@b610000 | |
| 105 | @aa z 000yy | |
| 200 | 1 | @a领导魔法@Aling dao mo fa@e完全领导的魔力与令人敬畏的品质@f林可行编著 |
| 210 | @a西安@c陕西师范大学出版社@d2001.09 | |
| 215 | @a404页@c图@d23cm | |
| 225 | 2 | @a完全智慧手册@Awan quan zhi hui shou ce |
| 300 | @a其他题名:完全领导的魔力与令人敬畏的品质 | |
| 330 | @a本书全面论述了新领导学的思想,积极探讨了统领人物的两极性、倾向性、深刻性、以及领导权应该具备的效能性和稳定性,充分肯定了领导在权力动作过程中的智性发挥的应急才能和热情理智。 | |
| 410 | 0 | @12001 @a完全智慧手册 |
| 517 | 1 | @a完全领导的魔力与令人敬畏的品质@Awan quan ling dao de mo li yu ling ren jing wei de pin zhi |
| 606 | 0 | @a领导学@j通俗读物 |
| 690 | @aC933-49@v4 | |
| 701 | 0 | @a林可行@Alin ke xing@4编著 |
| 801 | 0 | @aCN@c20070914 |
| 905 | @dC933-49@eZ330 | |
| 领导魔法:完全领导的魔力与令人敬畏的品质/林可行编著.-西安:陕西师范大学出版社,2001.09 |
| 404页:图;23cm.-(完全智慧手册) |
| 其他题名:完全领导的魔力与令人敬畏的品质 |
| ISBN 7-5613-2299-2:CNY26.00 |
| 本书全面论述了新领导学的思想,积极探讨了统领人物的两极性、倾向性、深刻性、以及领导权应该具备的效能性和稳定性,充分肯定了领导在权力动作过程中的智性发挥的应急才能和热情理智。 |
| ● |
| 相关链接 |
|
|
|
正题名:领导魔法
索取号:C933-49/Z330
 
预约/预借
| 序号 | 登录号 | 条形码 | 馆藏地/架位号 | 状态 | 备注 |
| 1 | 617882 | 206178820 | 社科库509/509社科库 65排7列5层/ [索取号:C933-49/Z330] | 在馆 | |
| 2 | 617883 | 206178839 | 社科库509/409社科库 48排3列2层/ [索取号:C933-49/Z330] | 在馆 | |
| 3 | 617884 | 206178848 | 社科库509/509社科库 65排7列5层/ [索取号:C933-49/Z330] | 在馆 |